| 000 | 00789nam a2200265Ia 4500 | ||
|---|---|---|---|
| 003 | OSt | ||
| 005 | 20220927104124.0 | ||
| 006 | a|||||r|||| 00| 0 | ||
| 007 | ta | ||
| 008 | 220926b |||||||| |||| 00| 0 eng d | ||
| 020 | _c225.00 | ||
| 024 | _a67144 | ||
| 037 |
_b"4982, 11/11/1987, BW" _cReference Collections |
||
| 040 |
_aRTL _cRTL _beng |
||
| 041 |
_2eng _aeng |
||
| 082 | _a"X655.2g, R R" | ||
| 100 |
_aJain R K _9364457 |
||
| 245 | 0 |
_aGUIDE ON foreign collaboration _bPolicies and procedure |
|
| 250 | _a2 | ||
| 260 |
_aDelhi _bS S Books Associates India _c1987 |
||
| 300 |
_a"xiv,668p" _ccm. |
||
| 650 |
_aForeign Investment _9364458 |
||
| 942 |
_h"X655.2g, R R" _cCC |
||
| 999 |
_c686243 _d686243 |
||